Southville International School and Colleges
Your cart is empty.
  • Cart
  • Lists
    Public lists Eva Luna New books Lux_list list_1
    Your lists Log in to create your own lists
  • Log in to your account
  • Your cookies
  • Search history
Southville International School and Colleges
  • Advanced search
  • Recent comments
  • Most popular
  • Libraries

Log in to your account

Log in with GOOGLE


If you do not have an external account, but do have a local account, you can still log in:

  1. Home
  2. MARC view: Global civil society movements in the Philippines
Normal view MARC view ISBD view

Global civil society movements in the Philippines (Record no. 15159)

[ view plain ]
MARC details
000 -LEADER
fixed length control field 01525cam a2200385 a 4500
001 - CONTROL NUMBER
control field 15754634
003 - CONTROL NUMBER IDENTIFIER
control field OSt
005 - DATE AND TIME OF LATEST TRANSACTION
control field 20140310182700.0
008 - FIXED-LENGTH DATA ELEMENTS--GENERAL INFORMATION
fixed length control field 090529s2011 mdu b 001 0 eng
010 ## - LIBRARY OF CONGRESS CONTROL NUMBER
LC control number 2009021222
020 ## - INTERNATIONAL STANDARD BOOK NUMBER
International Standard Book Number 9780739133064 (cloth : alk. paper)
020 ## - INTERNATIONAL STANDARD BOOK NUMBER
International Standard Book Number 9789712725463
035 ## - SYSTEM CONTROL NUMBER
System control number (OCoLC)ocn351307281
040 ## - CATALOGING SOURCE
Original cataloging agency DLC
Transcribing agency DLC
Modifying agency BTCTA
-- YDXCP
-- C#P
-- BWX
-- CDX
-- DLC
043 ## - GEOGRAPHIC AREA CODE
Geographic area code a-ph---
050 00 - LIBRARY OF CONGRESS CALL NUMBER
Classification number JQ 1416
Item number .T121 2009
082 00 - DEWEY DECIMAL CLASSIFICATION NUMBER
Classification number M 332.44
Item number G562 2011
245 00 - TITLE STATEMENT
Title Global civil society movements in the Philippines
Statement of responsibility, etc Tadem, Teresa Encarnacion
260 ## - PUBLICATION, DISTRIBUTION, ETC. (IMPRINT)
Place of publication, distribution, etc Philippines. :
Name of publisher, distributor, etc ANVIL,
Date of publication, distribution, etc c2011
300 ## - PHYSICAL DESCRIPTION
Extent xx, 294 p. ;
Dimensions 24 cm.
500 ## - GENERAL NOTE
General note "Published in partnership with United Nations Research Institute for Social Development (UNRISD)."
504 ## - BIBLIOGRAPHY, ETC. NOTE
Bibliography, etc Includes bibliographical references and index.
521 ## - TARGET AUDIENCE NOTE
Target audience note
526 ## - STUDY PROGRAM INFORMATION NOTE
Reading level 0L to 1700L
541 ## - IMMEDIATE SOURCE OF ACQUISITION NOTE
-- 1
562 ## - COPY AND VERSION IDENTIFICATION NOTE
Number of copies for circulation. 1 copy available in the collection
650 #0 - SUBJECT ADDED ENTRY--TOPICAL TERM
Topical term or geographic name as entry element Social movements
General subdivision Political aspects
Geographic subdivision Philippines.
650 #0 - SUBJECT ADDED ENTRY--TOPICAL TERM
Topical term or geographic name as entry element Civil society
Geographic subdivision Philippines.
651 #0 - SUBJECT ADDED ENTRY--GEOGRAPHIC NAME
Geographic name Philippines
General subdivision Politics and government
Chronological subdivision 1986-
700 1# - ADDED ENTRY--PERSONAL NAME
Personal name Tadem, Teresa S. Encarnacion.
710 2# - ADDED ENTRY--CORPORATE NAME
Corporate name or jurisdiction name as entry element United Nations Research Institute for Social Development.
906 ## - LOCAL DATA ELEMENT F, LDF (RLIN)
a 7
b cbc
c orignew
d 1
e ecip
f 20
g y-gencatlg
942 ## - ADDED ENTRY ELEMENTS (KOHA)
Source of classification or shelving scheme Library of Congress Classification
Koha item type Books
Call number prefix
Holdings
Withdrawn status Lost status Source of classification or shelving scheme Damaged status Home library Current library Shelving location Date acquired Source of acquisition Total Checkouts Full call number Barcode Date last seen Date checked out Copy number Price effective from Koha item type
    Library of Congress Classification   College Library College Library Filipiniana Section 04/19/2012 Donation 1 JQ 1416 .T121 2011 C13993 05/08/2018 01/10/2017 1 04/19/2012 Books

Global civil society movements in the Philippines

APA

Tadem T. S. E., United Nations Research Institute for Social Development, . (2011). Global civil society movements in the Philippines. Philippines: ANVIL.

Chicago

Tadem Teresa S Encarnacion, United Nations Research Institute for Social Development, . 2011. Global civil society movements in the Philippines. Philippines: ANVIL.

Harvard

Tadem T. S. E., United Nations Research Institute for Social Development, . (2011). Global civil society movements in the Philippines. Philippines: ANVIL.

MLA

Tadem Teresa S Encarnacion, United Nations Research Institute for Social Development, . Global civil society movements in the Philippines. Philippines: ANVIL. 2011.

  • Place hold
  • Print
  • Cite
  • Add to your cart (remove)
  • Save record
    BIBTEX Dublin Core MARCXML MARC (non-Unicode/MARC-8) MARC (Unicode/UTF-8) MARC (Unicode/UTF-8, Standard) MODS (XML) RIS
  • More searches
    Search for this title in:
    Other Libraries (WorldCat) Other Databases (Google Scholar) Online Stores (Bookfinder.com) Open Library (openlibrary.org)

Exporting to Dublin Core...

SOUTHVILLE LIBRARY

Southville International School and Colleges Library

1281 Tropical Ave. Cor. Luxembourg St., BF Homes International, Las Pinas City

Tel. No. 8256374 / 252358 Loc. 117/146

Powered by Koha